• 首页
  • 本馆介绍
  • 公告通知
  • 最新文献
  • 馆藏检索
  • 电子资源
  • 读者导购
  • 参考咨询
  • 我的图书馆
  • 登录
  • 详细信息显示
  • 放入我的书架
  • 预约/预借图书
  • 作者相关作品
  • 分类相关作品
  • 丛书相关作品
  • 出版社相关作品

书目信息

  • 表格格式
  • 工作单格式
  • 卡片格式
题名:
超经典家常面点分步图解大全
    
 
作者: 蝶儿 编著
分册:  
出版信息: 青岛   青岛出版社  2016
页数: 287页
开本: 25cm
丛书名:
单 册:
中图分类: TS972.116
科图分类:
主题词: 面食--制作
电子资源:
ISBN: 978-7-5552-3715-0
000 01172nam0 2200229 450
001 2355912979
005 20231110120253.08
010    @a978-7-5552-3715-0@b软精装@dCNY39.80
100    @a20160826d2016 em y0chiy50 ea
101 0  @achi
102    @aCN@b370000
105    @aa z 000yy
200 1  @a超经典家常面点分步图解大全@Achao jing dian jia chang mian dian fen bu tu jie da quan@f蝶儿编著
210    @a青岛@c青岛出版社@d2016
215    @a287页@c图@d25cm
300    @a超级畅销纪念版
330    @a超经典家常面点分步图解大全》是超级畅销书《家常主食分步详解》的升级版,除了保留原书的精华,还增加了很多的花样主食,内容更为丰富翔实,汇集了馒头、花卷、包子、饼、面条、水饺、馄饨等153款美味面点。配有近2200道步骤图解,既适合入厨新手又适合有一定下厨经验的人。全书共分为六大章节,包括日本丈夫认可的每日菜肴、韩国人喜欢的日本料理、精致美味下酒菜、日本料理专业水准的绝味美食、尽享视觉味觉盛宴的日式便当、喜爱的日式饮料及零食,书中所包含的菜式食材易得,烹调方法简单快捷,将地道的日式料理技法零保留传授,教您轻松做出好吃的正宗日本料理。
606 0  @a面食@x制作
690    @aTS972.116@v5
701  0 @a蝶儿@Adie er@4编著
801  0 @aCN@b安徽时代@c20230923
905    @aBZT@dTS972.116@e7
    
    超经典家常面点分步图解大全/蝶儿编著.-青岛:青岛出版社,2016
    287页:图;25cm
    超级畅销纪念版
    
    ISBN 978-7-5552-3715-0(软精装):CNY39.80
    超经典家常面点分步图解大全》是超级畅销书《家常主食分步详解》的升级版,除了保留原书的精华,还增加了很多的花样主食,内容更为丰富翔实,汇集了馒头、花卷、包子、饼、面条、水饺、馄饨等153款美味面点。配有近2200道步骤图解,既适合入厨新手又适合有一定下厨经验的人。全书共分为六大章节,包括日本丈夫认可的每日菜肴、韩国人喜欢的日本料理、精致美味下酒菜、日本料理专业水准的绝味美食、尽享视觉味觉盛宴的日式便当、喜爱的日式饮料及零食,书中所包含的菜式食材易得,烹调方法简单快捷,将地道的日式料理技法零保留传授,教您轻松做出好吃的正宗日本料理。
●
相关链接 在五车中查询图书 在当当中查询图书 在豆瓣中查询图书


正题名:超经典家常面点分步图解大全     索取号:TS972.116/7         预约/预借

序号 登录号 条形码 馆藏地/架位号 状态 备注
1 2000938398   2000938398   第四书库/四28架A面6层2列/ [索取号:TS972.116/7] 在馆    
2 2000938399   2000938399   第四书库/四28架A面6层2列/ [索取号:TS972.116/7] 在馆    
3 2000938400   2000938400   第四书库/四28架A面6层2列/ [索取号:TS972.116/7] 在馆    
4 2000938401   2000938401   第四书库/四28架A面6层2列/ [索取号:TS972.116/7] 在馆    
5 2000938402   2000938402   第四书库/四28架A面6层2列/ [索取号:TS972.116/7] 在馆    
6 2000938403   2000938403   第四书库/四28架A面6层2列/ [索取号:TS972.116/7] 在馆    
山东省滨州职业学院图书馆 欢迎您!
大连网信软件有限公司© 版权所有